Základy modelovania a systémového inžinierstva chemických výrobných procesov

Guardado en:
Detalles Bibliográficos
Autores principales: Rajniak, Pavol, 1954-, Václavek, Vladimír (Autor)
Otros Autores: Musil, Bruno (nob)
Formato: Libro
Lenguaje:eslovaco
Publicado: Bratislava Alfa 1993
Edición:1. vyd.
Colección:Edícia chemickej literatúry
Materias:
Acceso en línea:Ver en el OPAC
Etiquetas: Agregar Etiqueta
Sin Etiquetas, Sea el primero en etiquetar este registro!

MARC

LEADER 00000nam a2200000 a 4500
005 20260127134219.0
008 160414s1993 xo 0 slo
015 |a SNBA1994/01 
020 |a 800500981X 
035 |a vtls001073859 
035 |a SNK000016691 
039 9 |a 201604141654  |b VLOAD  |c 201306061409  |d VLOAD  |c 201305301618  |d VLOAD  |y 200412240345  |z VLOAD 
040 |a SNK  |b slo  |c SNK  |e AACR2 
041 0 |a slo 
044 |a xo  |c SK 
080 |a 66.01(075.8)  |2 1. stred. slo 
100 1 |a Rajniak, Pavol,  |d 1954-  |9 291 
245 0 |a Základy modelovania a systémového inžinierstva chemických výrobných procesov  |c Pavol Rajniak, Vladimír Václavek ; Obál. navrhol Bruno Musil 
250 |a 1. vyd. 
260 |a Bratislava  |b Alfa  |c 1993  |e Bratislava  |f Svornosť, spol. s r.o. 
300 |a 232 s., 14,89 AH, 15,26 VH  |b Sch., tab., lit. 18 zázn. v angl., češ., nem. a ruš.  |c 24 cm 
490 0 |a Edícia chemickej literatúry 
500 |a Vysokošk. príručka je určená posl. vys. škôl 
655 7 |a učebnice  |2 SNK 
700 1 |a Václavek, Vladimír  |4 aut 
700 1 |a Musil, Bruno  |4 nob  |9 430 
919 |a 80-05-00981-X 
954 |a priemysel chemický  |a inžinierstvo systémové  |x procesy výrobné  |x učebnice VŠ 
958 |a TL 
958 |a UV 
958 |a NB 
999 |c 6868  |d 6868